| 000 | nam a22 7a 4500 | ||
|---|---|---|---|
| 999 |
_c128525 _d128525 |
||
| 008 | 181108b xxu||||| |||| 00| 0 eng d | ||
| 050 |
_aBX4827.K5 _bA414 |
||
| 100 |
_aKierkegaard, Soren _943310 |
||
| 245 |
_aThe last years _bjournals 1853-55 _cSoren Kierkegaard |
||
| 260 |
_aGreat Britain _bCollins _c1965 |
||
| 300 |
_a383p. ; _c18cm. |
||
| 700 |
_aSmith, Ronald Gregor (tr.) _943311 |
||
| 942 |
_2lcc _cMONOGRAPH |
||